00590nam a2200217Ia 4500008004100000041001200041082000800053082001100061100002100072100001100093245003600104260001300140260002000153260000900173300001500182650001900197650001400216942000700230999001900237952011600256150909s9999 xx 000 0 und d aEnglish a301 bDUR/RU aDurkehim Emile  eAuthor aRulles of sociological methods aNew york bThe Free Press c1966 a146 Pages aSocial science aSociology cBK c228446d228446 00104070aKAUCOAbKAUCOAd2015-09-16l0o301 DUR/RUpKAU-COA-10821 r2015-09-16 00:00:00w2015-09-16yBK